Madison Beer - Silence Between Songs - Statistics

General Stats
  • This quiz has been taken 92 times
  • The average score is 10 of 14
Answer Stats
2023 Silence Between Songs % Correct
5 Ryder
88%
1 Spinnin
88%
12 Reckless
84%
14 King of Everything
82%
4 17
80%
13 Silence Between Songs
80%
2 Sweet Relief
79%
3 Envy the Leaves
75%
7 I Wonder
75%
11 Dangerous
66%
10 Home To Another One
64%
8 At Your Worst
61%
9 Showed Me (How I Fell In Love With You)
59%
6 Nothing Matters But You
57%
No matching quizzes found
Score Distribution
Percent of People with Each Score
Percentile by Number Answered
Your Score History
You have not taken this quiz